000 01347nam0a2200301 4500
001 RU\NLR\bibl\1478356
005 20250616004523.0
010 _a978-5-91221-050-1
_9300
021 _aRU
_b2009-105404
_96713
035 _a(NLR Aleph) 001470019
090 _a1637663
_c1637663
100 _a20100227d2009 |||y0rusy50 ca
101 0 _arus
102 _aRU
105 _aa |||||||||
200 1 _aФормирование рынка земли в России: субъективный и институциональный подходы
_fЕ.В. Королюк
_gКраснодар. Центр науч.-техн. информ.
210 _aКраснодар
_cкраснодарсткий Центр научно-технической информации - филиал ФГУ "Объединение Росинформресурс"
_d2009
215 _a169 с.
_cил., карт.
_d20
320 _aБиблиогр.: с. 155-169 (210 назв.)
606 1 _aЗемли
_xРынки
_yРоссийская Федерация
_92256350
_3RU\NLR\auth\661353146
686 _aУ32(2)-51-17(2Р)
686 _aУ44(2)1-51-17(2Р)
700 1 _aКоролюк
_bЕ. В.
_gЕлена Владиславовна
_4070
801 0 _aRU
_bNLR
_c20100227
_gRCR
801 1 _aRU
_bNLR
_c20100227
830 _aавт. по ЭК
942 _cBOOK
980 _aNB